| 000 | 00643cam a22002293a 4500 | ||
|---|---|---|---|
| 001 | 23560 | ||
| 003 | PGUSA | ||
| 005 | 20140828083513.0 | ||
| 008 | 071120s2007||||xxu|||||s|||||000 1 eng d | ||
| 040 |
_aPGUSA _beng |
||
| 042 | _adc | ||
| 050 | 4 | _aPZ | |
| 100 | 1 |
_aBassett, Sara Ware, _d1872-1968 |
|
| 245 | 1 | 0 |
_aCarl and the Cotton Gin _h[electronic resource] / _cSara Ware Bassett |
| 260 |
_bProject Gutenberg, _c2007 |
||
| 506 | _aPublic domain in the USA. | ||
| 516 | _aElectronic text | ||
| 653 | _aCotton -- Juvenile fiction | ||
| 830 | 0 |
_aProject Gutenberg _v23560 |
|
| 856 | 4 | 0 | _uhttp://www.gutenberg.org/ebooks/23560 |
| 942 | _cEB | ||
| 999 |
_c252815 _d252815 |
||